|
|
|
|
| LEADER |
00000nab a2200000 ar4500 |
| 001 |
vtls009466343 |
| 003 |
SK-MaSNL |
| 005 |
20260303053026.0 |
| 008 |
090128c2008 xo mr|p|||||||000 b|slo |
| 015 |
|
|
|a SNBRB2009/01
|2 snkbucl
|
| 038 |
|
|
|a SNKBUCL
|
| 040 |
|
|
|a SNKBUCL
|b slo
|c SNKBUCL
|e AACR2
|
| 041 |
0 |
|
|a slo
|
| 044 |
|
|
|a xo
|c SK
|
| 080 |
|
|
|a 791.221.5
|x (470+571)
|2 2001
|
| 100 |
1 |
|
|a Starinský, Ondrej
|4 aut
|9 839170
|
| 245 |
1 |
0 |
|a Mikrokozmos ruskej spoločnosti
|c Ondrej Starinský
|
| 300 |
|
|
|b Fotogr.
|
| 500 |
|
|
|a Réžia: Nikita Michalkov
|
| 630 |
0 |
7 |
|a Dvanásť (film)
|2 snkbucl
|9 1044993
|
| 655 |
|
7 |
|a recenzie
|2 snkbucl
|9 21907
|
| 773 |
0 |
|
|t Film.sk
|g Roč. 9, č. 12 (2008), s. 26-27
|x 1335-8286
|
| 852 |
|
|
|a SNK
|b KIS3GCP
|
| 958 |
|
|
|a RC
|
| 958 |
|
|
|a RU
|
| 999 |
|
|
|c 1717543
|d 1719473
|